| 000 | 00703nam a2200217 u 4500 | ||
|---|---|---|---|
| 001 | 001174518 | ||
| 003 | AM-YEHGA | ||
| 005 | 20250618080009.0 | ||
| 008 | 160908s1962 ||||||||||||||||||||rus|c | ||
| 040 | _aAM-YeHGA | ||
| 041 | 0 | _arus | |
| 100 | 1 | _aКараджале, И.Л. | |
| 245 | 1 | 0 |
_aМоменты и очерки / _cИ.Л. Караджале ; Пер. М. Олсуфьева |
| 260 |
_aБухарест : _bНародная Румыния, _c1962. |
||
| 300 |
_a45 с. ; _c20 см. |
||
| 440 | 0 | _aБиблиотека Народная Румыния | |
| 650 | 1 | 4 |
_aЛитература _94918 |
| 700 | 1 |
_aОлсуфьева, М. _eпер. _4trl |
|
| 942 |
_2udc _cBK |
||
| 090 | _c520699 | ||
| 999 |
_c517149 _d517149 |
||